Niezapomniane Jedenastki #42: Maroko 2022 - Statystyki

Ogólne statystyki
  • Ten quiz został rozwiązany 58 razy
  • Średni wynik to 7 z 11
Statystyki odpowiedzi
Pozycja Klub Inicjały Zawodnik % Poprawnych
PO Paris SG AH Achraf Hakimi
98%
PS Chelsea HZ Hakim Ziyech
90%
ŚPD Fiorentina SA Sofyan Amrabat
81%
BR Sevilla YB Yassine Bounou
79%
LO Bayern NM Noussair Mazraoui
75%
N Sevilla YE-N Youssef En-Nesyri
73%
ŚO West Ham NA Nayef Aguerd
58%
LS Angers SB Sofiane Boufal
42%
ŚO Besiktas RS Romain Saiss
33%
ŚP Angers AO Azzedine Ounahi
27%
ŚP Standard SA Selim Amallah
8%
Nie znaleziono quizów pasujących do podanych kryteriów
Rozkład punktacji
Procent ludzi z każdym wynikiem
Percentyl według liczby udzielonych odpowiedzi
Twoja historia wyników
Nie rozwiązałeś tego quizu